000
00324nam a22001457a 4500
008
210511b ||||| |||| 00| 0 eng d
020
_a
2900205744120
041
_a
eng
080
_2
5th
_a
37
082
_a
37
100
_a
46
101
_a
EDU
245
_a
The new Century Handbook
_c
Christine A. Hult
942
_2
udc
_c
BK
999
_c
57179
_d
57179